{"text_format":"3","workbook":"xlsx","n_sheets":1,"sheets":["t76"],"read":"whole","date_system":"1900"}

{"sheet":"t76","index":0,"n_rows":181,"n_cols":7,"rows_kept":181,"merged":[[0,0,0,6],[30,0,30,5],[47,0,47,5],[153,0,153,5]]}
["TABELA 76.1 - Estatísticas Agrícolas, Município de Boa Esperança do Sul, Estado de São Paulo, 2007/08."]
["ITEM","UNIDADE","N.DE UPAs","MÍNIMO","MÉDIO","MÁXIMO","TOTAL"]
["Distância à sede do município","km",336,0.5,{"v":10.54,"d":"10.5"},{"v":38,"d":"38.0"},"-"]
["Área total","hectare",336,0.2,{"v":197.89,"d":"197.9"},{"v":7121.6,"d":"7,121.6"},{"v":66492,"d":"66,492.0"}]
["Área com cultura perene","hectare",65,0.2,{"v":195.73,"d":"195.7"},{"v":1488.8,"d":"1,488.8"},{"v":12722.6,"d":"12,722.6"}]
["Área com cultura temporária","hectare",240,0.5,{"v":106.39,"d":"106.4"},{"v":2131.6,"d":"2,131.6"},{"v":25533.5,"d":"25,533.5"}]
["Área com pastagem","hectare",206,0.3,{"v":33.61,"d":"33.6"},{"v":578,"d":"578.0"},{"v":6924.5,"d":"6,924.5"}]
["Área com reflorestamento","hectare",19,0.5,{"v":358.77,"d":"358.8"},{"v":5952.6,"d":"5,952.6"},{"v":6816.7,"d":"6,816.7"}]
["Área com vegetação natural","hectare",186,0.2,{"v":54.99,"d":"55.0"},{"v":3057.9,"d":"3,057.9"},{"v":10228.3,"d":"10,228.3"}]
["Área com vegetação de brejo e várzea","hectare",39,0.2,{"v":15.63,"d":"15.6"},{"v":165,"d":"165.0"},609.5]
["Área em descanso","hectare",33,0.4,{"v":40.41,"d":"40.4"},{"v":774,"d":"774.0"},{"v":1333.4,"d":"1,333.4"}]
["Área complementar","hectare",250,0.1,{"v":9.29,"d":"9.3"},419.9,{"v":2323.5,"d":"2,323.5"}]
["Área das UPAs com (0, 1] ha","hectare",11,0.2,{"v":0.44,"d":"0.4"},{"v":1,"d":"1.0"},4.8]
["Área das UPAs com (1, 2] ha","hectare",6,1.2,{"v":1.78,"d":"1.8"},{"v":2,"d":"2.0"},10.7]
["Área das UPAs com (2, 5] ha","hectare",19,2.4,{"v":3.44,"d":"3.4"},4.8,65.3]
["Área das UPAs com (5, 10] ha","hectare",14,{"v":6,"d":"6.0"},{"v":7.74,"d":"7.7"},9.6,108.3]
["Área das UPAs com (10, 20] ha","hectare",53,10.8,{"v":15.55,"d":"15.6"},{"v":20,"d":"20.0"},824.2]
["Área das UPAs com (20, 50] ha","hectare",71,20.2,{"v":32.34,"d":"32.3"},{"v":50,"d":"50.0"},{"v":2296.4,"d":"2,296.4"}]
["Área das UPAs com (50, 100] ha","hectare",55,50.4,{"v":68.67,"d":"68.7"},{"v":98,"d":"98.0"},{"v":3776.8,"d":"3,776.8"}]
["Área das UPAs com (100, 200] ha","hectare",33,101.6,{"v":145.39,"d":"145.4"},193.6,{"v":4798,"d":"4,798.0"}]
["Área das UPAs com (200, 500] ha","hectare",47,201.2,{"v":308.06,"d":"308.1"},{"v":497,"d":"497.0"},{"v":14479,"d":"14,479.0"}]
["Área das UPAs com (500, 1.000] ha","hectare",14,{"v":540,"d":"540.0"},{"v":671.76,"d":"671.8"},878.5,{"v":9404.7,"d":"9,404.7"}]
["Área das UPAs com (1.000, 2.000] ha","hectare",9,{"v":1020,"d":"1,020.0"},{"v":1440.64,"d":"1,440.6"},{"v":1946.7,"d":"1,946.7"},{"v":12965.8,"d":"12,965.8"}]
["Área das UPAs com (2.000, 5.000] ha","hectare",3,{"v":2604,"d":"2,604.0"},{"v":3545.47,"d":"3,545.5"},{"v":4307.4,"d":"4,307.4"},{"v":10636.4,"d":"10,636.4"}]
["Área das UPAs com (5.000, 10.000] ha","hectare",1,{"v":7121.6,"d":"7,121.6"},{"v":7121.6,"d":"7,121.6"},{"v":7121.6,"d":"7,121.6"},{"v":7121.6,"d":"7,121.6"}]
["Área das UPAs acima de 10.000 ha","hectare","-","-","-","-","-"]
["Familiares do proprietário que trabalham na UPA","unidade",168,{"v":1,"d":"1.0"},{"v":1.57,"d":"1.6"},{"v":5,"d":"5.0"},{"v":264,"d":"264.0"}]
["Trabalhadores permanentes","unidade",150,{"v":1,"d":"1.0"},{"v":6.89,"d":"6.9"},{"v":150,"d":"150.0"},{"v":1033,"d":"1,033.0"}]
["Fonte: Secretaria de Agricultura e Abastecimento, CDRS/IEA, Projeto LUPA."]
[]
["TABELA 76.2 - Explorações Animais, Município de Boa Esperança do Sul, Estado de São Paulo, 2007/08."]
["ITEM","UNIDADE","N.DE UPAs","MÍNIMO","MÉDIO","MÁXIMO","TOTAL"]
["Apicultura","colmeias",3,{"v":15,"d":"15.0"},{"v":371.67,"d":"371.7"},{"v":1000,"d":"1,000.0"},{"v":1115,"d":"1,115.0"}]
["Asininos E Muares","cabeças",5,{"v":1,"d":"1.0"},1.6,{"v":3,"d":"3.0"},{"v":8,"d":"8.0"}]
["Avicultura de Corte","cabeças/ano",19,{"v":15000,"d":"15,000.0"},{"v":220052.63,"d":"220,052.6"},{"v":1362000,"d":"1,362,000.0"},{"v":4181000,"d":"4,181,000.0"}]
["Avicultura Ornamental/Decorativa/Exótica","cabeças",1,{"v":21,"d":"21.0"},{"v":21,"d":"21.0"},{"v":21,"d":"21.0"},{"v":21,"d":"21.0"}]
["Avicultura para Ovos","cabeças",5,{"v":5,"d":"5.0"},{"v":41,"d":"41.0"},{"v":80,"d":"80.0"},{"v":205,"d":"205.0"}]
["Bovinocultura de Corte","cabeças",66,{"v":3,"d":"3.0"},{"v":98.39,"d":"98.4"},{"v":685,"d":"685.0"},{"v":6494,"d":"6,494.0"}]
["Bovinocultura Leiteira","cabeças",33,{"v":1,"d":"1.0"},{"v":15.03,"d":"15.0"},{"v":85,"d":"85.0"},{"v":496,"d":"496.0"}]
["Bovinocultura Mista","cabeças",59,{"v":1,"d":"1.0"},{"v":28.02,"d":"28.0"},{"v":200,"d":"200.0"},{"v":1653,"d":"1,653.0"}]
["Bubalinocultura","cabeças",1,{"v":29,"d":"29.0"},{"v":29,"d":"29.0"},{"v":29,"d":"29.0"},{"v":29,"d":"29.0"}]
["Equinocultura","cabeças",34,{"v":1,"d":"1.0"},{"v":5.91,"d":"5.9"},{"v":40,"d":"40.0"},{"v":201,"d":"201.0"}]
["Ovinocultura","cabeças",12,{"v":7,"d":"7.0"},{"v":26,"d":"26.0"},{"v":60,"d":"60.0"},{"v":312,"d":"312.0"}]
["Piscicultura","m² tanques",2,{"v":10000,"d":"10,000.0"},{"v":14100,"d":"14,100.0"},{"v":18200,"d":"18,200.0"},{"v":28200,"d":"28,200.0"}]
["Suinocultura","cabeças",18,{"v":1,"d":"1.0"},{"v":20.17,"d":"20.2"},{"v":70,"d":"70.0"},{"v":363,"d":"363.0"}]
["Fonte: Secretaria de Agricultura e Abastecimento, CDRS/IEA, Projeto LUPA."]
[]
["TABELA 76.3 -  Máquinas, Implementos e Benfeitorias, Município de Boa Esperança do Sul, Estado de São Paulo, 2007/08."]
["ITEM","UNIDADE","N.DE UPAs","MÍNIMO","MÉDIO","MÁXIMO","TOTAL"]
["Arado Comum (Bacia, Aiveca)","Unidade",51,{"v":1,"d":"1.0"},{"v":1.22,"d":"1.2"},{"v":4,"d":"4.0"},{"v":62,"d":"62.0"}]
["Arado Escarificador","Unidade",8,{"v":1,"d":"1.0"},1.5,{"v":3,"d":"3.0"},{"v":12,"d":"12.0"}]
["Arado Subsolador","Unidade",15,{"v":1,"d":"1.0"},{"v":1.47,"d":"1.5"},{"v":8,"d":"8.0"},{"v":22,"d":"22.0"}]
["Batedeira de Cereais","Unidade",6,{"v":1,"d":"1.0"},{"v":1.17,"d":"1.2"},{"v":2,"d":"2.0"},{"v":7,"d":"7.0"}]
["Carregadeira de Cana","Unidade",8,{"v":1,"d":"1.0"},{"v":1.25,"d":"1.3"},{"v":2,"d":"2.0"},{"v":10,"d":"10.0"}]
["Colhedeira Acoplada","Unidade",3,{"v":1,"d":"1.0"},{"v":1,"d":"1.0"},{"v":1,"d":"1.0"},{"v":3,"d":"3.0"}]
["Computador","Unidade",1,{"v":1,"d":"1.0"},{"v":1,"d":"1.0"},{"v":1,"d":"1.0"},{"v":1,"d":"1.0"}]
["Conj.Irrigação Autopropelido","Unidade",3,{"v":1,"d":"1.0"},{"v":1,"d":"1.0"},{"v":1,"d":"1.0"},{"v":3,"d":"3.0"}]
["Conj.Irrigação Convencional","Unidade",6,{"v":1,"d":"1.0"},{"v":1,"d":"1.0"},{"v":1,"d":"1.0"},{"v":6,"d":"6.0"}]
["Conj.Irrigação/Gotejamento/Microaspersão","Unidade",2,{"v":1,"d":"1.0"},{"v":1,"d":"1.0"},{"v":1,"d":"1.0"},{"v":2,"d":"2.0"}]
["Conjunto de Fenação","Unidade",2,{"v":1,"d":"1.0"},1.5,{"v":2,"d":"2.0"},{"v":3,"d":"3.0"}]
["Desintegrador de Palha (Plantio Direto)","Unidade",1,{"v":2,"d":"2.0"},{"v":2,"d":"2.0"},{"v":2,"d":"2.0"},{"v":2,"d":"2.0"}]
["Desintegrador, Picador, Triturador","Unidade",80,{"v":1,"d":"1.0"},1.1,{"v":2,"d":"2.0"},{"v":88,"d":"88.0"}]
["Distribuidor de Calcário","Unidade",30,{"v":1,"d":"1.0"},{"v":1.23,"d":"1.2"},{"v":2,"d":"2.0"},{"v":37,"d":"37.0"}]
["Ensiladeira","Unidade",6,{"v":1,"d":"1.0"},{"v":1,"d":"1.0"},{"v":1,"d":"1.0"},{"v":6,"d":"6.0"}]
["Grade Aradora (Tipo Romi)","Unidade",48,{"v":1,"d":"1.0"},{"v":1.15,"d":"1.2"},{"v":3,"d":"3.0"},{"v":55,"d":"55.0"}]
["Grade Niveladora","Unidade",49,{"v":1,"d":"1.0"},{"v":1.33,"d":"1.3"},{"v":3,"d":"3.0"},{"v":65,"d":"65.0"}]
["Implementos para Tração Animal","Unidade",3,{"v":1,"d":"1.0"},{"v":1.33,"d":"1.3"},{"v":2,"d":"2.0"},{"v":4,"d":"4.0"}]
["Microtrator","Unidade",2,{"v":1,"d":"1.0"},{"v":1,"d":"1.0"},{"v":1,"d":"1.0"},{"v":2,"d":"2.0"}]
["Misturador de Ração","Unidade",7,{"v":1,"d":"1.0"},{"v":1,"d":"1.0"},{"v":1,"d":"1.0"},{"v":7,"d":"7.0"}]
["Ordenhadeira Mecânica","Unidade",1,{"v":1,"d":"1.0"},{"v":1,"d":"1.0"},{"v":1,"d":"1.0"},{"v":1,"d":"1.0"}]
["Pulverizador Tratorizado","Unidade",67,{"v":1,"d":"1.0"},{"v":2.81,"d":"2.8"},{"v":20,"d":"20.0"},{"v":188,"d":"188.0"}]
["Resfriador de Leite, Tanque Expansão","Unidade",2,{"v":1,"d":"1.0"},{"v":1,"d":"1.0"},{"v":1,"d":"1.0"},{"v":2,"d":"2.0"}]
["Semeadeira/Adubadeira para Plantio Convencional","Unidade",11,{"v":1,"d":"1.0"},{"v":1.09,"d":"1.1"},{"v":2,"d":"2.0"},{"v":12,"d":"12.0"}]
["Semeadeira/Plantadeira Plantio Direto","Unidade",15,{"v":1,"d":"1.0"},{"v":1.13,"d":"1.1"},{"v":2,"d":"2.0"},{"v":17,"d":"17.0"}]
["Terraceador","Unidade",3,{"v":1,"d":"1.0"},{"v":1,"d":"1.0"},{"v":1,"d":"1.0"},{"v":3,"d":"3.0"}]
["Trator de Esteiras","Unidade",7,{"v":1,"d":"1.0"},{"v":1,"d":"1.0"},{"v":1,"d":"1.0"},{"v":7,"d":"7.0"}]
["Trator de Pneus","Unidade",144,{"v":1,"d":"1.0"},{"v":2.86,"d":"2.9"},{"v":27,"d":"27.0"},{"v":412,"d":"412.0"}]
["Açude/Represa","Unidade",88,{"v":1,"d":"1.0"},{"v":1.84,"d":"1.8"},{"v":11,"d":"11.0"},{"v":162,"d":"162.0"}]
["Almoxarifado/Oficina","Unidade",36,{"v":1,"d":"1.0"},{"v":1.17,"d":"1.2"},{"v":4,"d":"4.0"},{"v":42,"d":"42.0"}]
["Armazém para Grãos Ensacados","Sacas",7,{"v":1,"d":"1.0"},{"v":1.14,"d":"1.1"},{"v":2,"d":"2.0"},{"v":8,"d":"8.0"}]
["Balança para Bovinos","Unidade",10,{"v":1,"d":"1.0"},{"v":1,"d":"1.0"},{"v":1,"d":"1.0"},{"v":10,"d":"10.0"}]
["Balança para Veículos","Unidade",4,{"v":1,"d":"1.0"},{"v":1,"d":"1.0"},{"v":1,"d":"1.0"},{"v":4,"d":"4.0"}]
["Barracão para Bicho da Seda/Sirgaria","Unidade",1,{"v":1,"d":"1.0"},{"v":1,"d":"1.0"},{"v":1,"d":"1.0"},{"v":1,"d":"1.0"}]
["Barracão para Granja/Avicultura","Unidade",22,{"v":1,"d":"1.0"},{"v":2.09,"d":"2.1"},{"v":8,"d":"8.0"},{"v":46,"d":"46.0"}]
["Barracão/Galpão/Garagem","Unidade",172,{"v":1,"d":"1.0"},{"v":1.29,"d":"1.3"},{"v":8,"d":"8.0"},{"v":222,"d":"222.0"}]
["Casa de Moradia Habitada","Unidade",146,{"v":1,"d":"1.0"},{"v":3.17,"d":"3.2"},{"v":37,"d":"37.0"},{"v":463,"d":"463.0"}]
["Casa de Moradia Total","Unidade",211,{"v":1,"d":"1.0"},{"v":3.34,"d":"3.3"},{"v":40,"d":"40.0"},{"v":704,"d":"704.0"}]
["Curral/Mangueira","Unidade",141,{"v":1,"d":"1.0"},{"v":1.09,"d":"1.1"},{"v":3,"d":"3.0"},{"v":153,"d":"153.0"}]
["Depósito/Tulha","Unidade",47,{"v":1,"d":"1.0"},{"v":1.04,"d":"1.0"},{"v":2,"d":"2.0"},{"v":49,"d":"49.0"}]
["Engenho","Unidade",3,{"v":1,"d":"1.0"},{"v":1,"d":"1.0"},{"v":1,"d":"1.0"},{"v":3,"d":"3.0"}]
["Estábulo","Unidade",30,{"v":1,"d":"1.0"},{"v":1.07,"d":"1.1"},{"v":2,"d":"2.0"},{"v":32,"d":"32.0"}]
["Estufa/Plasticultura","m²",5,{"v":1,"d":"1.0"},230.6,{"v":900,"d":"900.0"},{"v":1153,"d":"1,153.0"}]
["Fábrica de Ração","Unidade",5,{"v":1,"d":"1.0"},{"v":1,"d":"1.0"},{"v":1,"d":"1.0"},{"v":5,"d":"5.0"}]
["Instalações para Equinos","Unidade",10,{"v":1,"d":"1.0"},1.7,{"v":4,"d":"4.0"},{"v":17,"d":"17.0"}]
["Máquina de Benefício","Unidade",3,{"v":1,"d":"1.0"},{"v":1,"d":"1.0"},{"v":1,"d":"1.0"},{"v":3,"d":"3.0"}]
["Packing House","Unidade",1,{"v":1,"d":"1.0"},{"v":1,"d":"1.0"},{"v":1,"d":"1.0"},{"v":1,"d":"1.0"}]
["Pocilga","Unidade",32,{"v":1,"d":"1.0"},{"v":1.09,"d":"1.1"},{"v":3,"d":"3.0"},{"v":35,"d":"35.0"}]
["Poço Semi-Artesiano","Unidade",45,{"v":1,"d":"1.0"},{"v":1.04,"d":"1.0"},{"v":2,"d":"2.0"},{"v":47,"d":"47.0"}]
["Posto Meteorológico","Unidade",1,{"v":1,"d":"1.0"},{"v":1,"d":"1.0"},{"v":1,"d":"1.0"},{"v":1,"d":"1.0"}]
["Silo para Grãos","t",1,{"v":45,"d":"45.0"},{"v":45,"d":"45.0"},{"v":45,"d":"45.0"},{"v":45,"d":"45.0"}]
["Silo para Silagem","t",4,{"v":100,"d":"100.0"},{"v":150,"d":"150.0"},{"v":200,"d":"200.0"},{"v":600,"d":"600.0"}]
["Terreiro","m²",12,{"v":1,"d":"1.0"},{"v":1010.83,"d":"1,010.8"},{"v":4000,"d":"4,000.0"},{"v":12130,"d":"12,130.0"}]
["Fonte: Secretaria de Agricultura e Abastecimento, CDRS/IEA, Projeto LUPA."]
[]
["TABELA 76.4 - Outras Estatísticas Agrícolas, Município de Boa Esperança do Sul, Estado de São Paulo, 2007/08."]
["ITEM","Número de UPAs",null,"Percentual"]
["Faz Parte de Associação de Produtores",115,null,{"v":34.226190476190474,"d":"34.2"}]
["Faz Parte de Cooperativa de Produtores",163,null,{"v":48.511904761904766,"d":"48.5"}]
["Faz Parte do Sindicato de Produtores",66,null,{"v":19.642857142857142,"d":"19.6"}]
["Não utiliza assistência técnica ",144,null,{"v":42.857142857142854,"d":"42.9"}]
["Utiliza somente assistência técnica governamental ",89,null,{"v":26.488095238095237,"d":"26.5"}]
["Utiliza somente assistência técnica privada ",79,null,{"v":23.511904761904763,"d":"23.5"}]
["Utiliza assistência técnica tanto governamental quanto privada",24,null,{"v":7.142857142857143,"d":"7.1"}]
["Utiliza Crédito Rural",62,null,{"v":18.452380952380953,"d":"18.5"}]
["Utiliza Seguro Rural",13,null,{"v":3.869047619047619,"d":"3.9"}]
["Utiliza Escrituração Agrícola",166,null,{"v":49.4047619047619,"d":"49.4"}]
["Acessa Internet p/ Fins na Agropecuária",43,null,{"v":12.797619047619047,"d":"12.8"}]
["Utiliza Computador nas Atividades Agropecuárias",45,null,{"v":13.392857142857142,"d":"13.4"}]
["Utiliza Energia Elétrica Para Uso na Atividade Agrícola",211,null,{"v":62.797619047619044,"d":"62.8"}]
["Realiza Análise de Solo, quando necessário",72,null,{"v":21.42857142857143,"d":"21.4"}]
["Utiliza Práticas de Conservação de Solo, quando necessário",262,null,{"v":77.97619047619048,"d":"78.0"}]
["Faz Adubação Mineral, quando necessário",189,null,{"v":56.25,"d":"56.3"}]
["Faz Adubação Orgânica, quando necessário",73,null,{"v":21.726190476190478,"d":"21.7"}]
["Faz Adubação Verde, quando necessário",24,null,{"v":7.142857142857143,"d":"7.1"}]
["Utiliza Manejo Integrado de Pragas (MIP)",27,null,{"v":8.035714285714285,"d":"8.0"}]
["Utiliza Hidroponia","-",null,"-"]
["Utiliza Plasticultura",3,null,{"v":0.8928571428571429,"d":"0.9"}]
["Utiliza Mudas Fiscalizadas",49,null,{"v":14.583333333333334,"d":"14.6"}]
["Utiliza Semente Melhorada",86,null,{"v":25.595238095238095,"d":"25.6"}]
["Faz Confinamento de Bovinos",11,null,{"v":3.273809523809524,"d":"3.3"}]
["Utiliza Pastejo Intensivo",69,null,{"v":20.535714285714285,"d":"20.5"}]
["Faz Inseminação Artificial",7,null,{"v":2.0833333333333335,"d":"2.1"}]
["Faz Mineralização do Rebanho",122,null,{"v":36.30952380952381,"d":"36.3"}]
["Faz Vermifugação do Rebanho",125,null,{"v":37.20238095238095,"d":"37.2"}]
["Possui Parceiros /Arrendatários na Exploração Animal",50,null,{"v":14.880952380952381,"d":"14.9"}]
["Esporte e lazer",1,null,{"v":0.2976190476190476,"d":"0.3"}]
["Extração mineral","-",null,"-"]
["Hotel Fazenda, Pousada ou SPA",1,null,{"v":0.2976190476190476,"d":"0.3"}]
["Pesque-pague",2,null,{"v":0.5952380952380952,"d":"0.6"}]
["Restaurante ou Lanchonete",3,null,{"v":0.8928571428571429,"d":"0.9"}]
["Transformação artesanal","-",null,"-"]
["Turismo rural ou ecoturismo","-",null,"-"]
["Outras atividades econômicas rurais",2,null,{"v":0.5952380952380952,"d":"0.6"}]
["Agroindústria","-",null,"-"]
["Proprietário sem instrução ou com instrução incompleta",6,null,{"v":1.7857142857142858,"d":"1.8"}]
["Proprietário com antigo primário completo",87,null,{"v":25.892857142857142,"d":"25.9"}]
["Proprietário com 1° grau (ou antigo ginasial) completo",43,null,{"v":12.797619047619047,"d":"12.8"}]
["Proprietário com 2° grau (ou antigo colegial) completo",68,null,{"v":20.238095238095237,"d":"20.2"}]
["Proprietário com curso superior completo ",118,null,{"v":35.11904761904762,"d":"35.1"}]
["Pessoa Jurídica",14,null,{"v":4.166666666666667,"d":"4.2"}]
["Proprietário residente na própria UPA ",46,null,{"v":13.69047619047619,"d":"13.7"}]
["Fonte: Secretaria de Agricultura e Abastecimento, CDRS/IEA, Projeto LUPA."]
[]
["TABELA 76.5 - Área Cultivada, Município de Boa Esperança do Sul, Estado de São Paulo, 2007/08."]
["CULTURA","N.DE UPAs","MÍNIMO","MÉDIO","MÁXIMO","TOTAL"]
["Cana-de-acucar",226,0.5,{"v":111.41,"d":"111.4"},{"v":2131.6,"d":"2,131.6"},{"v":25179.2,"d":"25,179.2"}]
["Laranja",54,0.4,{"v":231.13,"d":"231.1"},{"v":1488.8,"d":"1,488.8"},{"v":12481.2,"d":"12,481.2"}]
["Eucalipto",19,0.5,{"v":358.27,"d":"358.3"},{"v":5952.6,"d":"5,952.6"},{"v":6807.1,"d":"6,807.1"}]
["Braquiaria",192,0.3,{"v":32.85,"d":"32.9"},{"v":578,"d":"578.0"},{"v":6307.1,"d":"6,307.1"}]
["Outras gramineas para pastagem",3,7.3,86.5,244.1,259.5]
["Milho",17,1.2,{"v":13.99,"d":"14.0"},{"v":121,"d":"121.0"},237.9]
["Gramas",14,0.3,{"v":11.89,"d":"11.9"},{"v":77,"d":"77.0"},166.4]
["Goiaba",1,113.8,113.8,113.8,113.8]
["Coloniao",4,{"v":5,"d":"5.0"},{"v":27.35,"d":"27.4"},{"v":50,"d":"50.0"},109.4]
["Capim-jaragua",3,{"v":11,"d":"11.0"},{"v":24.83,"d":"24.8"},{"v":50,"d":"50.0"},74.5]
["Algodao",3,9.2,{"v":23.23,"d":"23.2"},48.4,69.7]
["Cafe",7,0.2,{"v":7.71,"d":"7.7"},{"v":22,"d":"22.0"},{"v":54,"d":"54.0"}]
["Seringueira",3,{"v":10,"d":"10.0"},{"v":16.73,"d":"16.7"},{"v":29,"d":"29.0"},50.2]
["Berinjela",1,{"v":31,"d":"31.0"},{"v":31,"d":"31.0"},{"v":31,"d":"31.0"},{"v":31,"d":"31.0"}]
["Banana",1,{"v":10,"d":"10.0"},{"v":10,"d":"10.0"},{"v":10,"d":"10.0"},{"v":10,"d":"10.0"}]
["Tangelo",1,9.9,9.9,9.9,9.9]
["Tomate envarado",1,9.7,9.7,9.7,9.7]
["Pinus",1,9.6,9.6,9.6,9.6]
["Arroz",3,0.5,{"v":2,"d":"2.0"},4.8,{"v":6,"d":"6.0"}]
["Sorgo-forrageiro",1,4.4,4.4,4.4,4.4]
["Capim-napier (ou capim-elefante)",1,3.2,3.2,3.2,3.2]
["Tangerina",2,1.2,1.5,1.8,{"v":3,"d":"3.0"}]
["Alface",1,{"v":1,"d":"1.0"},{"v":1,"d":"1.0"},{"v":1,"d":"1.0"},{"v":1,"d":"1.0"}]
["Pomar domestico",1,0.5,0.5,0.5,0.5]
["Sorgo",1,0.3,0.3,0.3,0.3]
["Fonte: Secretaria de Agricultura e Abastecimento, CDRS/IEA, Projeto LUPA."]